[Event "Rubinstein Memorial op-D 57th"]
[Site "Polanica Zdroj"]
[Date "2021.08.20"]
[Round "7"]
[White "Wilgosz, Tomasz"]
[Black "Rychlik, Michal"]
[Result "0-1"]
[WhiteElo "1569"]
[BlackElo "1225"]
[PlyCount "76"]
[EventDate "2021.08.14"]
[EventType "swiss"]
[EventRounds "9"]
[EventCountry "POL"]
[SourceTitle "CBM 204 Extra"]
[Source "ChessBase"]
[SourceDate "2021.11.30"]
[SourceVersion "1"]
[SourceVersionDate "2021.11.30"]
[SourceQuality "1"]

1. e4 e5 2. Nf3 Nc6 3. Bc4 Nf6 4. Nc3 Nxe4 5. Nxe4 d5 6. Bxd5 Qxd5 7. Nc3 Qd8 8. h3 Bc5 9. 0-0 Be6 10. d3 f6 11. Be3 Bb6 12. Na4 Qe7 13. Qe2 0-0-0 14. Nxb6+ axb6 15. c3 Qf7 16. b4 g5 17. b5 Na5 18. Nh2 h5 19. f3 g4 20. fxg4 Qg6 21. Rad1 f5 22. g5 e4 23. Qf2 exd3 24. Bd4 Rhe8 25. Nf3 Nc4 26. Rxd3 Nd6 27. Re3 f4 28. Ree1 Nc4 29. Bf6 Rd5 30. Nd4 Ne3 31. Qxf4 Rxd4 32. Qxd4 Nxf1 33. Rxf1 Bxa2 34. Ra1 Qc2 35. Rd1 Kb8 36. Qd7 Re2 37. Qd4 Rxg2+ 38. Kf1 Qe2# 0-1